000 00640cam a2200169 4500
001 ##L131120
008 050309n2005 000 0 eng u
035 _a(Sirsi) u131120
041 0 _aeng
245 0 0 _aSheds supplement
260 _c2005
490 0 _aProperty Week
_v70(38) 23 September 2005 (LOAN)
520 _aSeries of articles on sheds. Features on regional news; the market; development at European ports; distribution and logistics; shed construction; Yorkshire; research into rents and land values; and careers.
590 _aIKA111005
690 _aPROPERTY-COMMERCIAL PROPERTY-COMMERCIAL PROPERTY MARKET
942 _n0
999 _c104644
_d104644